| 000 | 00884 a2200229 4500 | ||
|---|---|---|---|
| 999 |
_c6089 _d6089 |
||
| 020 | _a0130646369 | ||
| 050 | 0 | 0 | _aT58.6 MAR 2002 |
| 100 |
_aMartin, E. Wainright _eauthor |
||
| 245 | 0 | 0 |
_aManaging information technology / _cE. Wainright Martin ... [et al.]. |
| 250 | _a4th ed. | ||
| 264 |
_aUpper Saddle River, New Jersey : _bPrentice Hall, _c2002. |
||
| 300 |
_axxi, 761 p. : _bill. (some col.) ; |
||
| 500 | _aIncludes index | ||
| 504 | _aIncludes bibliographical references (p. 707-718) | ||
| 650 | 0 | _aManagement information systems. | |
| 700 | 1 |
_aBrown, Carol V. _eauthor |
|
| 700 | 1 |
_aDeHayes, Daniel W. _eauthor |
|
| 700 | 1 |
_aHoffer, Jeffrey A. _eauthor |
|
| 700 | 1 |
_aPerkins, William C. _eauthor |
|
| 942 |
_2lcc _cBK _e4th ed. _h58.6 _iMAR _kT |
||